Building briefing (Record no. 79721)
[ view plain ]
| 000 -LEADER | |
|---|---|
| fixed length control field | 00945cab a22002055a 4500 |
| 001 - CONTROL NUMBER | |
| control field | L142070 |
| 008 - FIXED-LENGTH DATA ELEMENTS--GENERAL INFORMATION | |
| fixed length control field | 080123s2008 xxka f 000 0 eng d |
| 035 ## - SYSTEM CONTROL NUMBER | |
| System control number | (Sirsi) u142070 |
| 041 0# - LANGUAGE CODE | |
| Language code of text/sound track or separate title | eng |
| 100 1# - MAIN ENTRY--PERSONAL NAME | |
| Personal name | Worthing, Derek |
| 245 00 - TITLE STATEMENT | |
| Title | Building briefing |
| Remainder of title | stonework |
| -- | common problems and defects |
| 260 ## - PUBLICATION, DISTRIBUTION, ETC. | |
| Date of publication, distribution, etc. | 2008 |
| 490 #0 - SERIES STATEMENT | |
| Series statement | Letting Update Journal |
| Volume/sequential designation | 15(4) January 2008, 26-27(2) |
| 520 ## - SUMMARY, ETC. | |
| Summary, etc. | Discusses the most common defects in stonework and outlines how to maintain, repair or restore stone elevations. Common defects include acid rain, salt crystallisation, and frost attack. Design and craftsmanship issues include incorrect bedding, incorrect pointing, expansion of metals, and failure of protective coatings. Concludes with tips on maintenance and repair. |
| 590 ## - LOCAL NOTE (RLIN) | |
| Local note | KA |
| 651 #4 - SUBJECT ADDED ENTRY--GEOGRAPHIC NAME | |
| Geographic name | United Kingdom |
| Chronological subdivision | |
| 690 ## - LOCAL SUBJECT ADDED ENTRY--TOPICAL TERM (OCLC, RLIN) | |
| Topical term or geographic name as entry element | BUILT ENVIRONMENT-BUILDING MATERIALS-STONE |
| 690 ## - LOCAL SUBJECT ADDED ENTRY--TOPICAL TERM (OCLC, RLIN) | |
| Topical term or geographic name as entry element | BUILT ENVIRONMENT-BUILDING PATHOLOGY |
| 942 ## - ADDED ENTRY ELEMENTS (KOHA) | |
| Suppress in OPAC | 0 |
| Withdrawn status | Lost status | Source of classification or shelving scheme | Damaged status | Not for loan | Home library | Current library | Shelving location | Date acquired | Total Checkouts | Full call number | Barcode | Date last seen | Copy number | Price effective from | Koha item type |
|---|---|---|---|---|---|---|---|---|---|---|---|---|---|---|---|
| Dewey Decimal Classification | London | London | Journal article | 23/01/2008 | L142070 | 142070-1001 | 06/08/2019 | 1 | 06/08/2019 | Journal article |